[Event "Skakligaen 2020-21"]
[Site "Denmark"]
[Date "2020.10.24"]
[Round "1.6"]
[White "Hansen, Lars"]
[Black "Rasmussen, Casper Dahl"]
[Result "0-1"]
[WhiteElo "2217"]
[BlackElo "2281"]
[WhiteFideId "1402528"]
[BlackFideId "1402005"]
[EventDate "1"]
[EventType "team-tourn"]
[EventRounds "9"]
[EventCountry "DEN"]
[WhiteTeam "SK1968"]
[BlackTeam "Obro"]
[WhiteTeamCountry "DEN"]
[BlackTeamCountry "DEN"]

1. d4  d5  2. c4  c6
 3. cxd5  cxd5  4. Bg5
 h6  5. Bh4  Nc6 
6. Nc3  a6  7. e3  Nf6
 8. Bxf6  gxf6  9. Bd3
 e6  10. Nf3  f5 
11. a3  Bd6  12. h3  Bd7
 13. g4  fxg4  14. hxg4
 Qf6  15. Qe2  Rc8
 16. Rd1  Ne7  17. Kd2
 Rg8  18. Rdg1  b5
 19. Rh5  b4  20. axb4
 Bxb4  21. Ne5  Bxc3+
 22. bxc3  Rb8  23. Kc1
 Nc6  24. Qa2  Rb6
 25. Rgh1  Nxe5  26. dxe5
 Qe7  27. Qa5  Qd8
 28. Qa3  Qb8  29. g5
 Rb3  30. Qc5  Qxe5
 31. Kc2  Ba4  32. Kd2
 Rb2+  33. Kc1  Rxf2
 34. gxh6  Qxh5   0-1

[Event "Skakligaen 2020-21"]
[Site "Denmark"]
[Date "2020.10.24"]
[Round "1.7"]
[White "Simonsen, Carsten"]
[Black "Rewitz, Poul"]
[Result "0-1"]
[WhiteElo "2237"]
[BlackElo "2222"]
[WhiteFideId "1439898"]
[BlackFideId "1401033"]
[EventDate "1"]
[EventType "team-tourn"]
[EventRounds "9"]
[EventCountry "DEN"]
[WhiteTeam "Obro"]
[BlackTeam "SK1968"]
[WhiteTeamCountry "DEN"]
[BlackTeamCountry "DEN"]

1. d4  c6  2. e4  d5
 3. exd5  cxd5  4. Bf4
 Nf6  5. c3  Nc6 
6. Nf3  g6  7. Bd3  Bg7
 8. O-O  O-O  9. Nbd2
 Nh5  10. Be3  Qd6
 11. Re1  Nf4  12. Bf1
 f6  13. c4  e6 
14. g3  g5  15. Nb1  Ng6
 16. cxd5  exd5  17. Nc3
 Kh8  18. Bg2  Be6
 19. Na4  Bg8  20. h3
 h6  21. Nc5  b6 
22. Nd3  Rac8  23. Rc1  Nge7
 24. Bd2  Bh7  25. Bc3
 Be4  26. Bf1  Nf5
 27. g4  Bxf3  28. Qxf3
 Nfxd4  29. Bxd4  Nxd4
 30. Qd1  Rxc1  31. Nxc1
 f5  32. gxf5  Qf4
 33. Bg2  Qxf5  34. Nd3
 Nf3+  35. Bxf3  Qxf3
 36. Qd2  Qxh3  37. Re7
 Qg4+  38. Kf1  Qh3+
 39. Kg1  Qg4+  40. Kf1
 Bd4  41. Qc2  Qf5
 42. Qd2  a5  43. Rc7
 Qh3+  44. Ke2  Qf3+
 45. Ke1  Re8+  46. Kf1
 Qh1#   0-1

[Event "Skakligaen 2020-21"]
[Site "Denmark"]
[Date "2020.10.24"]
[Round "1.8"]
[White "Grove, Peter"]
[Black "Jorgensen, Brian Jorgen"]
[Result "1-0"]
[WhiteElo "2182"]
[BlackElo "2227"]
[WhiteFideId "1411101"]
[BlackFideId "1401548"]
[EventDate "1"]
[EventType "team-tourn"]
[EventRounds "9"]
[EventCountry "DEN"]
[WhiteTeam "SK1968"]
[BlackTeam "Obro"]
[WhiteTeamCountry "DEN"]
[BlackTeamCountry "DEN"]

1. e4  e6  2. d4  d5
 3. exd5  exd5  4. Bd3
 Nc6  5. c3  Bd6 
6. Ne2  Nge7  7. Bf4  Bg4
 8. Bxd6  Qxd6  9. Qd2
 O-O-O  10. Na3  Kb8
 11. O-O-O  Bxe2  12. Qxe2
 Qf6  13. Nc2  Nc8
 14. Ne3  h5  15. h4
 g6  16. Rh3  Nb6
 17. Qf3  Qe7  18. Rhh1
 f5  19. g3  a6 
20. Rde1  Qd6  21. Ng2  Rde8
 22. Qf4  Qd7  23. Qg5
 Rhg8  24. Nf4  Qf7
 25. Rxe8+  Qxe8  26. Kd2
 Qf7  27. Re1  Nc8
 28. f3  N6e7  29. Ne6
 Nc6  30. Nf4  N6e7
 31. Bc2  Rd8  32. Nd3
 Qf8  33. Nc5  Rd6
 34. Bb3  Qf7  35. Qf4
 Ka7  36. Qe5  Kb8
 37. Ne6  Qe8  38. Nf4
 Qf7  39. Qh8  b6
 40. Ba4  b5  41. Bb3
 Kb7  42. Nd3  Nb6
 43. Re5  Ka7  44. Re1
 Nc6  45. Re8  Re6
 46. Rxe6  Qxe6  47. Nf4
 Qd6  48. Qg8  Ne7
 49. Qe6  Qxe6  50. Nxe6
 c6  51. Ke3  a5 
52. Kf4  a4  53. Bd1  Nc4
 54. b3  Nb2  55. Bc2
 a3  56. Kg5  Kb6
 57. Kf6  Nc8  58. Kxg6
 b4  59. Kxh5  Nd6
 60. Kg5  Nb5  61. h5
 Nxc3  62. h6  Nxa2
 63. h7  Nc3  64. h8=Q
 a2  65. Qb8+  Ka5
 66. Qa7+  Kb5  67. Nc7#
  1-0

----

[Event "Skakligaen 2020-21"]
[Site "Denmark"]
[Date "2020.10.24"]
[Round "1.1"]
[White "Hillarp Persson, Tiger"]
[Black "Andersen, Mads"]
[Result "1/2-1/2"]
[WhiteElo "2541"]
[BlackElo "2577"]
[WhiteFideId "1700812"]
[BlackFideId "1413864"]
[EventDate "1"]
[EventType "team-tourn"]
[EventRounds "9"]
[EventCountry "DEN"]
[WhiteTeam "Bronshoj"]
[BlackTeam "Skanderborg"]
[WhiteTeamCountry "DEN"]
[BlackTeamCountry "DEN"]

1. Nf3  d5  2. g3  g6
 3. Bg2  Bg7  4. O-O
 e5  5. d3  Nc6 
6. c3  Nge7  7. e4  O-O
 8. b4  a6  9. Bb2
 h6  10. Nbd2  Be6
 11. a4  d4  12. cxd4
 exd4  13. b5  Na5
 14. Ba3  Re8  15. Qb1
 b6  16. Rc1  c5 
17. bxc6  Nexc6  18. Rc2  g5
 19. Ne1  g4  20. Rb2
 Rb8  21. Nc2  h5
 22. Qd1  h4  23. Rab1
 Ne5  24. Bf1  Nac6
 25. Ne1  Bh6  26. Be2
 f5  27. exf5  Bxf5
 28. Ne4  Re6  29. Bf1
 h3  30. Qb3  Kg7
 31. Rc2  Qd7  32. Re2
 Nxd3  33. Qxd3  Rbe8
 34. Qxa6  Bxe4  35. Rxe4
 Rxe4  36. Nd3  Nb8
 37. Qxb6  R4e6  38. Qa5
 Qf7  39. Qd5  Kg8
 40. Qxd4  Re4  41. Qd6
 Bf8  42. Qxb8  Rxb8
 43. Rxb8  Re8  44. Ne5
 Rxb8  45. Nxf7  Kxf7
 46. Bxf8  Kxf8  47. f3
 gxf3  48. Bxh3  Rb2
 49. Bg4  Rg2+   1/2-1/2

[Event "Skakligaen 2020-21"]
[Site "Denmark"]
[Date "2020.10.24"]
[Round "1.2"]
[White "Bjerre, Jonas Buhl"]
[Black "Vasli, Aref"]
[Result "1-0"]
[WhiteElo "2559"]
[BlackElo "2384"]
[WhiteFideId "1444948"]
[BlackFideId "417521"]
[EventDate "1"]
[EventType "team-tourn"]
[EventRounds "9"]
[EventCountry "DEN"]
[WhiteTeam "Skanderborg"]
[BlackTeam "Bronshoj"]
[WhiteTeamCountry "DEN"]
[BlackTeamCountry "DEN"]

1. d4  Nf6  2. c4  e6
 3. Nf3  c5  4. d5
 exd5  5. cxd5  d6
 6. Nc3  g6  7. e4
 a6  8. Bf4  Bg4 
9. Be2  Bxf3  10. Bxf3  Bg7
 11. Qa4+  Nfd7  12. Bxd6
 b5  13. Nxb5  Qb6
 14. Nc7+  Kd8  15. Bg3
 Ra7  16. d6  Be5
 17. O-O  Bxg3  18. hxg3
 Nc6  19. Nd5  Qb5
 20. Qc2  Nd4  21. Qd2
 f6  22. b4  Ne5 
23. Bd1  Rf8  24. bxc5  Ne6
 25. Nc7  Nxc7  26. dxc7+
 Kc8  27. Qd6  Re8
 28. Rb1   1-0

[Event "Skakligaen 2020-21"]
[Site "Denmark"]
[Date "2020.10.24"]
[Round "1.3"]
[White "Aabling Thomsen, Jakob"]
[Black "Ochsner, Bjorn Moller"]
[Result "0-1"]
[WhiteElo "2349"]
[BlackElo "2482"]
[WhiteFideId "1407589"]
[BlackFideId "1416928"]
[EventDate "1"]
[EventType "team-tourn"]
[EventRounds "9"]
[EventCountry "DEN"]
[WhiteTeam "Bronshoj"]
[BlackTeam "Skanderborg"]
[WhiteTeamCountry "DEN"]
[BlackTeamCountry "DEN"]

1. e4  c5  2. Nf3  d6
 3. c3  Nf6  4. h3
 Nc6  5. Bd3  e5 
6. O-O  Be7  7. Re1  O-O
 8. Bb5  Qb6  9. Na3
 Re8  10. d4  cxd4
 11. cxd4  exd4  12. Bxc6
 bxc6  13. Nxd4  Bf8
 14. Nc4  Qa6  15. Nd2
 c5  16. N4f3  Bb7
 17. e5  Nd5  18. b3
 Nc3  19. Qc2  Ne2+
 20. Kh2  dxe5  21. Ng5
 g6  22. Nc4  Nd4
 23. Qc3  e4  24. h4
 h6  25. Bf4  hxg5
 26. hxg5  Bg7  27. Qh3
 Qe6  28. Qh4  Nc2
 29. Ne3  Nxe3  30. fxe3
 Red8  31. Rac1  Rac8
 32. Rc2  c4  33. Kg3
 c3  34. Rh1  Rd2
  0-1

[Event "Skakligaen 2020-21"]
[Site "Denmark"]
[Date "2020.10.24"]
[Round "1.4"]
[White "Rostgaard, Tobias Valentin"]
[Black "Hoi, Carsten"]
[Result "0-1"]
[WhiteElo "2354"]
[BlackElo "2343"]
[WhiteFideId "1408801"]
[BlackFideId "1400100"]
[EventDate "1"]
[EventType "team-tourn"]
[EventRounds "9"]
[EventCountry "DEN"]
[WhiteTeam "Skanderborg"]
[BlackTeam "Bronshoj"]
[WhiteTeamCountry "DEN"]
[BlackTeamCountry "DEN"]

1. d4  Nf6  2. Nc3  d5
 3. Bg5  e6  4. e4
 Be7  5. e5  Nfd7
 6. Bxe7  Qxe7  7. Nf3
 O-O  8. Bd3  c5 
9. dxc5  Nc6  10. O-O  f5
 11. Re1  Nxc5  12. Bb5
 Ne4  13. Bxc6  bxc6
 14. Nd4  Bd7  15. f3
 Ng5  16. Nb3  c5
 17. Qd2  Rab8  18. Ne2
 c4  19. Nbd4  Rxb2
 20. Reb1  Rb6  21. Qa5
 Rfb8  22. Rxb6  axb6
 23. Qa7  Qd8  24. Rb1
 b5  25. Qc5  Nf7
 26. f4  Qe8  27. h3
 g5  28. g3  gxf4
 29. gxf4  Nh8  30. Kh2
 Ng6  31. c3  Ra8
 32. Rb2  Qe7  33. Qb6
 Kh8  34. Nf3  Rg8
 35. Qe3  Qg7  36. Ng3
 Qh6  37. Ng5  Qh4
 38. Rf2  Rg7  39. Qb6
 Rg8  40. Qc7  Nxf4
 41. Nf7+  Kg7  42. Rxf4
 Qxf4  43. Qxd7  Qf2+
 44. Kh1  Qxg3  45. Nd6+
 Kh6  46. Qxe6+  Qg6
 47. Qxd5  Qg1#  0-1

[Event "Skakligaen 2020-21"]
[Site "Denmark"]
[Date "2020.10.24"]
[Round "1.5"]
[White "Carstensen, Jacob"]
[Black "Olsen, Filip Boe"]
[Result "1-0"]
[WhiteElo "2350"]
[BlackElo "2360"]
[WhiteFideId "1404180"]
[BlackFideId "1440640"]
[EventDate "1"]
[EventType "team-tourn"]
[EventRounds "9"]
[EventCountry "DEN"]
[WhiteTeam "Bronshoj"]
[BlackTeam "Skanderborg"]
[WhiteTeamCountry "DEN"]
[BlackTeamCountry "DEN"]

1. d4  Nf6  2. c4  e6
 3. Nc3  Bb4  4. Qc2
 O-O  5. e4  d5 
6. e5  Ne4  7. Bd3  c5
 8. Nf3  cxd4  9. Nxd4
 Nd7  10. Bxe4  dxe4
 11. Qxe4  Qa5  12. O-O
 Qxe5  13. Qh4  Nf6
 14. Ndb5  Bd7  15. Bf4
 Qh5  16. Qxh5  Nxh5
 17. Bd6  Bxd6  18. Nxd6
 Bc6 19. b4  Nf4 20. f3  b6 21.
b5  Rfd8 22. Rad1  Bd5 23. g3 
Rxd6 24. gxf4  Rc8 25. Ne4  Rdd8 26. cxd5
 exd5 27. Nf2  Rc2 28. Nd3  Rxa2
29. Ra1  Rd2 30. Rfd1  Rxd1+ 31. Rxd1
 d4 32. Nb4  h6 33. Nc6  Ra8 34.
Ra1  d3 35. Kf2  Re8 36. Ra2  Kh7
37. Nxa7  Rd8 38. Ke3  Rd7 39. Nc6
  1-0

[Event "Skakligaen 2020-21"]
[Site "Denmark"]
[Date "2020.10.24"]
[Round "1.6"]
[White "Andersen, Jackie"]
[Black "Palm, Nikolaj"]
[Result "1/2-1/2"]
[WhiteElo "2406"]
[BlackElo "2282"]
[WhiteFideId "1402650"]
[BlackFideId "1402145"]
[EventDate "1"]
[EventType "team-tourn"]
[EventRounds "9"]
[EventCountry "DEN"]
[WhiteTeam "Skanderborg"]
[BlackTeam "Bronshoj"]
[WhiteTeamCountry "DEN"]
[BlackTeamCountry "DEN"]

1. d4  d5  2. Nf3  e6
 3. Bf4  Nf6  4. e3
 Bd6  5. Nbd2  b6
 6. c3  O-O  7. Bd3
 Bb7  8. Ne5  Ne4
 9. Qf3  f5  10. g4
 Nd7  11. gxf5  exf5
 12. Nxd7  Qxd7  13. Rg1
 Rf7  14. O-O-O  c5
 15. dxc5  bxc5  16. Bc2
 Qb5  17. Bxd6  Nxd6
 18. Qf4  Ne4  19. f3
 Nf2  20. Bxf5  Nd3+
 21. Bxd3  Qxd3  22. Qe5
 Qb5  23. e4  Re8
 24. Qg5  dxe4  25. fxe4
 Qa4  26. Qxc5  Bxe4
 27. Nxe4  Qxe4  28. Rd2
 h6  29. Rgd1  Kh7
 30. Qd4  Qe6  31. a4
 Ree7  32. Qd3+  g6
 33. Qc2  Qa2  34. Rd6
 Qa1+  35. Qb1  Qxb1+
 36. Kxb1  h5  37. R1d2
 Kh6  38. Rg2  Rg7
 39. b4  h4  40. Kb2
 Kh5  41. b5  g5 
42. a5  h3  43. Rgd2  g4
 44. b6  Rg5  45. R2d5
 g3  46. Rd3  Rxa5
 47. Rxg3  Rb5+  48. Kc2
 axb6  49. Rxh3+  Kg4
 50. Rhh6  Re2+  51. Kd3
 Reb2  52. h4  R5b3
 53. Rdg6+  Kh3  54. Rh8
 b5  55. h5  b4 
56. Rc8  Rxc3+  57. Rxc3  bxc3
 58. h6  Rb8  59. Kxc3
 Kh4  60. Kd4  Kh5
 61. Rg1   1/2-1/2

[Event "Skakligaen 2020-21"]
[Site "Denmark"]
[Date "2020.10.24"]
[Round "1.7"]
[White "Laursen, Niels Norskov"]
[Black "Pedersen, Nicolai Vesterbaek"]
[Result "0-1"]
[WhiteElo "2247"]
[BlackElo "2374"]
[WhiteFideId "1404709"]
[BlackFideId "1402340"]
[EventDate "1"]
[EventType "team-tourn"]
[EventRounds "9"]
[EventCountry "DEN"]
[WhiteTeam "Bronshoj"]
[BlackTeam "Skanderborg"]
[WhiteTeamCountry "DEN"]
[BlackTeamCountry "DEN"]

1. e4  e5  2. Nf3  Nc6
 3. d4  exd4  4. Nxd4
 Nf6  5. Nxc6  bxc6
 6. e5  Qe7  7. Qe2
 Nd5  8. c4  Nb6 
9. Nc3  Qe6  10. Qe4  Bb7
 11. b3  O-O-O  12. Be2
 c5  13. Qe3  Re8
 14. O-O  Qxe5  15. Qxe5
 Rxe5  16. Bf4  Re6
 17. Rad1  g5  18. Be3
 Bg7  19. Nd5  Nxd5
 20. cxd5  Re5  21. d6
 f5  22. Bb5  f4 
23. Bc1  Rd5  24. Rxd5  Bxd5
 25. Rd1  Be6  26. h4
 h6  27. Ba6+  Kd8
 28. hxg5  hxg5  29. dxc7+
 Kxc7  30. Bd2  Kb6
 31. Bc4  Bxc4  32. bxc4
 Bd4  33. Re1  Kc6
 34. Rb1  Rf8  35. Rb3
 d5  36. cxd5+  Kxd5
 37. Rb7  c4  38. Rd7+
 Ke4  39. Kf1  c3
 40. Bc1  Ke5  0-1

[Event "Skakligaen 2020-21"]
[Site "Denmark"]
[Date "2020.10.24"]
[Round "1.8"]
[White "Brondt, Nicolai Kvist"]
[Black "Holmsgaard, Henrik"]
[Result "1-0"]
[WhiteElo "2226"]
[BlackElo "2213"]
[WhiteFideId "1413848"]
[BlackFideId "1400452"]
[EventDate "1"]
[EventType "team-tourn"]
[EventRounds "9"]
[EventCountry "DEN"]
[WhiteTeam "Skanderborg"]
[BlackTeam "Bronshoj"]
[WhiteTeamCountry "DEN"]
[BlackTeamCountry "DEN"]

1. d4  d5  2. c4  e6
 3. Nc3  c5  4. cxd5
 exd5  5. Nf3  Nc6
 6. g3  Nf6  7. Bg2
 Be7  8. O-O  O-O
 9. dxc5  Bxc5  10. Bg5
 d4  11. Ne4  Be7
 12. Nxf6+  Bxf6  13. Bxf6
 Qxf6  14. b4  Nxb4
 15. Qxd4  Qe7  16. Qe5
 Qxe5  17. Nxe5  Be6
 18. Bxb7  Rab8  19. Bf3
 Nc2  20. Nc6  Nxa1
 21. Nxb8  Rxb8  22. Rxa1
 Rb2  23. a3  g5 
24. g4  h5  25. h3  hxg4
 26. hxg4  Kg7  27. Kg2
 Kf6  28. e3  a5 
29. Kg3  a4  30. Be4  Ke5
 31. Bh7  f5  32. gxf5
 Bxf5  33. Bxf5  Kxf5
 34. Rc1  Rb3  35. Rc5+
 Kf6  36. Kg4  Rxa3
 37. Rxg5  Ra2  38. Rf5+
 Ke6  39. f3  a3 
40. Ra5  Ra1  41. Kf4  a2
 42. e4  Kf6  43. Ra7
 Ke6  44. e5  Kd5
 45. Ra6  Kc4  46. e6
 Re1  47. Rxa2  Rxe6
 48. Ra5  Re8  49. Re5
 Rd8  50. Ke4  Rd1
 51. f4  Re1+  52. Kf5
 Rf1  53. Re8  Kc5
 54. Rd8  Kc6  55. Kg5
 Kc7  56. Rd2  Rg1+
 57. Kf6  Rg8  58. f5
 Rf8+  59. Ke6  Re8+
 60. Kf7  Re1  61. f6
 Rg1  62. Ke7  Re1+
 63. Kf8  Rf1  64. f7
 Rg1  65. Rd4  Rg2
 66. Ke7  Re2+  67. Kf6
 Rf2+  68. Ke6  Kc8
 69. Rd5   1-0

[Event "Skakligaen 2020-21"]
[Site "Denmark"]
[Date "2020.10.24"]
[Round "1.1"]
[White "Hansen, Sune Berg"]
[Black "Rasmussen, Karsten"]
[Result "1-0"]
[WhiteElo "2557"]
[BlackElo "2415"]
[WhiteFideId "1400266"]
[BlackFideId "1400088"]
[EventDate "1"]
[EventType "team-tourn"]
[EventRounds "9"]
[EventCountry "DEN"]
[WhiteTeam "Hillerod"]
[BlackTeam "AarhusSkolerne"]
[WhiteTeamCountry "DEN"]
[BlackTeamCountry "DEN"]

1. d4  d5  2. Bf4  c5
 3. e3  Nc6  4. c3
 Nf6  5. Nd2  cxd4
 6. exd4  Bf5  7. Ngf3
 e6  8. Qb3  Qc8 
9. Nh4  Be4  10. Nxe4  dxe4
 11. g3  Be7  12. Ng2
 O-O  13. Be2  Nd5
 14. Bd2  Qd7  15. O-O
 e5  16. dxe5  Nxe5
 17. Rad1  Qc6  18. Ne3
 Nf6  19. Nc4  Ned7
 20. Bf4  Nc5  21. Qc2
 Rad8  22. Ne5  Qc8
 23. Be3  Qe6  24. Bd4
 Bd6  25. Nc4  Be7
 26. Ne3  Nd3  27. Bxd3
 exd3  28. Qxd3  Qxa2
 29. Qb5  Qe6  30. Bxa7
 Ne4  31. Rxd8  Rxd8
 32. Rd1  Rxd1+  33. Nxd1
 Nd6  34. Qd3 h5  35. h4
 Nc4  36. Bd4  Qe1+
 37. Kg2  Ne5  38. Qf5
 Nc6  39. Ne3  Nxd4
 40. cxd4  Bf8  41. Qxh5
 Qb4  42. Qe2  Qxd4
 43. b3  b6  44. Qf3
 Qb4  45. Nd5  Qd4
 46. Nf4  Bc5  47. Nh3
 Be7  48. Qa8+  Kh7
 49. Qb7  Qb4  50. Qd5
 Kg8  51. h5  Bf6
 52. Nf4  Be7  53. Ng6
 Bd6  54. Qa8+  Kh7
 55. Qh8#  1-0

[Event "Skakligaen 2020-21"]
[Site "Denmark"]
[Date "2020.10.24"]
[Round "1.2"]
[White "Skytte, Rasmus"]
[Black "Schandorff, Lars"]
[Result "1/2-1/2"]
[WhiteElo "2381"]
[BlackElo "2466"]
[WhiteFideId "1404210"]
[BlackFideId "1400070"]
[EventDate "1"]
[EventType "team-tourn"]
[EventRounds "9"]
[EventCountry "DEN"]
[WhiteTeam "AarhusSkolerne"]
[BlackTeam "Hillerod"]
[WhiteTeamCountry "DEN"]
[BlackTeamCountry "DEN"]

1. e4  c6  2. Nf3  d5
 3. Nc3  dxe4  4. Nxe4
 Nf6  5. Qe2  Nxe4
 6. Qxe4  Qa5  7. Bc4
 Bf5  8. Qe2  Nd7
 9. O-O  e6  10. d4
 Be7  11. h3  O-O
 12. Bf4   1/2-1/2

[Event "Skakligaen 2020-21"]
[Site "Denmark"]
[Date "2020.10.24"]
[Round "1.3"]
[White "Percivaldi, Martin"]
[Black "Sorensen, Jan"]
[Result "1-0"]
[WhiteElo "2374"]
[BlackElo "2376"]
[WhiteFideId "1508148"]
[BlackFideId "1400150"]
[EventDate "1"]
[EventType "team-tourn"]
[EventRounds "9"]
[EventCountry "DEN"]
[WhiteTeam "Hillerod"]
[BlackTeam "AarhusSkolerne"]
[WhiteTeamCountry "DEN"]
[BlackTeamCountry "DEN"]

1. Nf3  Nf6  2. g3  d5
 3. Bg2  e6  4. c4
 Be7  5. d4  c6 
6. O-O  O-O  7. Nc3  b6
 8. Qd3  Bb7  9. e4
 Na6  10. a3  Nc7
 11. Rd1  Rc8  12. Bf4
 Ba6  13. b3  Nh5
 14. Be3  Nf6  15. Ne5
 Qe8  16. Re1  b5
 17. Qc2  bxc4  18. bxc4
 Bxc4  19. Nxc4  dxc4
 20. h3  Qd7  21. Na4
 Nb5  22. Red1  Nxa3
 23. Qc3  Nb5  24. Qxc4
 Rfd8  25. Bf3  Qe8
 26. Nc3  Nxc3  27. Qxc3
 Qd7  28. Ra6  Qb7
 29. Qa1  Rd7  30. Rb1
 Qc7  31. Rc1  Qb7
 32. Qa4  Qb4  33. Rcxc6
 Qxa4  34. Rxc8+   1-0

[Event "Skakligaen 2020-21"]
[Site "Denmark"]
[Date "2020.10.24"]
[Round "1.4"]
[White "Vinther Schou, Uffe"]
[Black "Borge, Nikolaj"]
[Result "1/2-1/2"]
[WhiteElo "2323"]
[BlackElo "2367"]
[WhiteFideId "1400568"]
[BlackFideId "1400312"]
[EventDate "1"]
[EventType "team-tourn"]
[EventRounds "9"]
[EventCountry "DEN"]
[WhiteTeam "AarhusSkolerne"]
[BlackTeam "Hillerod"]
[WhiteTeamCountry "DEN"]
[BlackTeamCountry "DEN"]

1. e4  c5  2. Nf3  e6
 3. c3  d5  4. exd5
 exd5  5. d4  Nc6
 6. Bb5  Bd6  7. Be3
 c4  8. b3  cxb3 
9. axb3  Nge7  10. O-O  O-O
 11. h3  Bc7  12. Re1
 Nf5  13. Bg5  Qd6
 14. Bd3  Be6  15. Na3
 a6  16. Nc2  Rfe8
 17. Ne3  Nfe7  18. Bh4
 Qd7  19. Ng5  h6
 20. Nxe6  Qxe6  21. Nf5
 Qxe1+  22. Qxe1  Nxf5
 23. Bxf5  Rxe1+  24. Rxe1
 g5  25. Bg3  Bxg3
 26. fxg3  Kf8  27. Kf2
 Re8  28. Rd1  Ke7
 29. Bc2  Kd6  30. Rd3
 Rc8  31. Bd1  Na7
 32. Ke1  b5  33. Kd2
 b4  34. cxb4  Nc6
 35. Rf3  Ke6  36. Rc3
 Kd6  37. Rf3  Ke6
 38. Rc3  Kd6  39. Rc5
 Rb8  40. Kc3  Nxb4
 41. Ra5  Rb6  42. Be2
 Nc6  43. Rxa6  Rxa6
 44. Bxa6  Kc7  45. Bb5
 Nd8  46. Be8  f6
 47. Kd3  Nb7  48. Bh5
 Nd6  49. Bf3  Kc6
 50. g4  Nb5  51. Be2
 Kb6  52. Bf3  Kc6
 53. Bd1  Nd6  54. b4
 Kb5  55. Bb3  Kxb4
 56. Bxd5  Kb5  57. Bf3
 Kb6  58. Kc3  Kc7
 59. Kb4  Kd7  60. Kc5
 Ke7  61. Kd5  Nb5
 62. Kc5  Nd6  63. Bd5
 Ne8  64. Be4  Nd6
 65. Bg6  Nb7+  66. Kc6
 Nd6  67. Bd3  Nf7
 68. Bf5  Nd6  69. Kd5
 Nb5  70. Bd3  Nd6
 71. Bc2  Nb5  72. Ke4
 Nd6+  73. Kd3  Nf7
 74. Bb3   1/2-1/2

[Event "Skakligaen 2020-21"]
[Site "Denmark"]
[Date "2020.10.24"]
[Round "1.5"]
[White "Pedersen, Steffen"]
[Black "Boe, Mads"]
[Result "1-0"]
[WhiteElo "2328"]
[BlackElo "2262"]
[WhiteFideId "1401491"]
[BlackFideId "1401408"]
[EventDate "1"]
[EventType "team-tourn"]
[EventRounds "9"]
[EventCountry "DEN"]
[WhiteTeam "Hillerod"]
[BlackTeam "AarhusSkolerne"]
[WhiteTeamCountry "DEN"]
[BlackTeamCountry "DEN"]

1. d4  Nf6  2. c4  e6
 3. Nf3  Bb4+  4. Nbd2
 d5  5. Qa4+  Nc6
 6. a3  Be7  7. e3
 O-O  8. Bd3  Bd7
 9. Qc2  h6  10. O-O
 dxc4  11. Nxc4  Nd5
 12. e4  Nb6  13. Be3
 Nxc4  14. Bxc4  a6
 15. Rac1  Rc8  16. Ba2
 Qe8  17. Rfe1  Nd8
 18. e5  Ba4  19. b3
 Bc6  20. Bb1  g6
 21. Bxh6  Bxf3  22. gxf3
 Bxa3  23. Rcd1  Nc6
 24. Qe4  Bb4  25. Qh4
 Qd8  26. Bg5  Be7
 27. f4  Bxg5  28. fxg5
 Re8  29. Re3  Kf8
 30. Bxg6  Ke7  31. Bxf7
 Rh8  32. Qf4  Qd5
 33. g6  Kd7  34. g7
 Rhd8  35. Rh3  Rg8
 36. Bxg8  Rxg8  37. Qf7+
 Ne7  38. Rh8  Qe4
 39. h3   1-0

[Event "Skakligaen 2020-21"]
[Site "Denmark"]
[Date "2020.10.24"]
[Round "1.6"]
[White "Sobjerg, Erik"]
[Black "Jaksland, Tim"]
[Result "0-1"]
[WhiteElo "2253"]
[BlackElo "2247"]
[WhiteFideId "1401866"]
[BlackFideId "1401084"]
[EventDate "1"]
[EventType "team-tourn"]
[EventRounds "9"]
[EventCountry "DEN"]
[WhiteTeam "AarhusSkolerne"]
[BlackTeam "Hillerod"]
[WhiteTeamCountry "DEN"]
[BlackTeamCountry "DEN"]

1. d4  Nf6  2. Bg5  e6
 3. Nd2  c5  4. e4
 cxd4  5. e5  Qa5
 6. Ngf3  Ne4  7. Bf4
 Nc6  8. Bd3  Nxd2
 9. Bxd2  Bb4  10. a3
 Bxd2+  11. Qxd2  Qxd2+
 12. Kxd2  f6  13. Rae1
 O-O  14. Rhf1  b6
 15. Be4  Ba6  16. Rg1
 Rad8  17. exf6  Rxf6
 18. b4  h6  19. Bxc6
 dxc6  20. Re4  c5
 21. bxc5  bxc5  22. Re5
 Rc8  23. Rb1  Kf7
 24. Ke1  Ke7  25. Nd2
 Kd6  26. Re4  Rf7
 27. f3  g5  28. Kf2
 Rb7  29. Rbe1  Re8
 30. h4  Rb2  31. hxg5
 Rxc2  32. Rd1  hxg5
 33. Rg4  Rg8  34. Kg3
 Bb7  35. Nf1  Bd5
 36. Nd2  Rb8  37. Ne4+
 Bxe4  38. fxe4  Rbb2
 39. Kh3  Rb3+  40. Kh2
 Rxa3   0-1

[Event "Skakligaen 2020-21"]
[Site "Denmark"]
[Date "2020.10.24"]
[Round "1.7"]
[White "Ostergaard, Jens"]
[Black "Ochsner, Thomas"]
[Result "0-1"]
[WhiteElo "2236"]
[BlackElo "2249"]
[WhiteFideId "1400606"]
[BlackFideId "1400711"]
[EventDate "1"]
[EventType "team-tourn"]
[EventRounds "9"]
[EventCountry "DEN"]
[WhiteTeam "Hillerod"]
[BlackTeam "AarhusSkolerne"]
[WhiteTeamCountry "DEN"]
[BlackTeamCountry "DEN"]

1. d4  Nf6  2. Nf3  b6
 3. g3  Bb7  4. Bg2
 e6  5. c4  Be7 
6. O-O  O-O  7. Nc3  Ne4
 8. Bd2  f5  9. d5
 Bf6  10. Rc1  Na6
 11. Be1  Nac5  12. Nd4
 Qe7  13. b4  Nxc3
 14. Bxc3  Ne4  15. Bxe4
 fxe4  16. dxe6  e3
 17. f3  dxe6  18. Qb3
 h5  19. Nc2  e5 
20. Rcd1  Bg5  21. b5  Rf7
 22. c5  bxc5  23. Bb2
 a6  24. bxa6  Bxa6
 25. Rfe1  c4  26. Qc3
 e4  27. f4  Bf6 
28. Qa3  Qxa3  29. Bxa3  Bc3
 30. Rf1  Bd2  31. Bc5
 c3  32. Nd4  Bc4
 33. Rb1  Rxa2  34. Nc6
 Bxe2  35. Ne5  Rf5
 36. h3  Bxf1  37. g4
 hxg4  38. hxg4  Rxe5
 39. Ra1  0-1

[Event "Skakligaen 2020-21"]
[Site "Denmark"]
[Date "2020.10.25"]
[Round "2.1"]
[White "Fries Nielsen, Jens Ove"]
[Black "Hillarp Persson, Tiger"]
[Result "0-1"]
[WhiteElo "2380"]
[BlackElo "2541"]
[WhiteFideId "1400142"]
[BlackFideId "1700812"]
[EventDate "2020.10.25"]
[EventType "team-tourn"]
[EventRounds "9"]
[EventCountry "DEN"]
[WhiteTeam "Fredericia"]
[BlackTeam "Bronshoj"]
[WhiteTeamCountry "DEN"]
[BlackTeamCountry "DEN"]

1. d4  Nf6  2. Nc3  d5
 3. e3  g6  4. h3
 Bg7  5. Nge2  c5
 6. g4  Nc6  7. Bg2
 e6  8. Ng3  h5 
9. f3  Nd7  10. Nce2  Qh4
 11. c3  b6  12. O-O
 Bb7  13. Bd2  O-O-O
 14. b4  c4  15. b5
 Na5  16. Qe1  hxg4
 17. fxg4  f5  18. Nf4
 Nf8  19. Nge2  Qh7
 20. Qg3  Bf6  21. g5
 Be7  22. Be1  Bd6
 23. h4  Qc7  24. Bf3
 Kb8  25. Qg2  Bc8
 26. h5  gxh5  27. Bh4
 Rd7  28. g6  Rg8
 29. Kh1  Rdg7  30. Bxh5
 Bd7  31. Bf6  Bxb5
 32. Bxg7  Qxg7  33. Rf3
 Nc6  34. Rh3  Ne7
 35. Rg1  Be8  36. Qg5
 Kc7  37. Rg2  b5
 38. Bf3  Bxg6  39. Rh6
 Qf7  40. Qh4  a5
 41. Ng3  b4  42. Ngh5
 b3  43. a4  Bxh5
 44. Rxh5  Rxg2  45. Kxg2
 Neg6  46. Nxg6  Qxg6+
  0-1